| 000 | 00555 a2200181 4500 | ||
|---|---|---|---|
| 999 |
_c1367 _d1367 |
||
| 020 | _a9780137133352 | ||
| 050 | _aHB172 PIN 2009 | ||
| 100 |
_aPindyck, Robert S. _eauthor |
||
| 245 |
_aMicroeconomics / _cRobert S. Pindyck, Daniel L. Rubinfeld and Prem L. Mehta |
||
| 250 | _a7th ed. | ||
| 264 |
_aNew Delhi : _bPearson Education, _c2009 |
||
| 300 |
_axxx, 675p. : _bill. |
||
| 500 | _aIncludes index | ||
| 650 | _aMicroeconomics | ||
| 700 |
_aRubinfeld, Daniel L. _eauthor |
||
| 700 |
_aMehta, Prem L. _eauthor |
||
| 942 |
_2lcc _cBK _e7th ed. _h172 _iPIN _kHB |
||